000 01121nam a2200253Ia 4500
999 _c38628
_d38628
001 4815
003 GE_BSU
005 20190802162204.0
008 181216s2011||||ge |||||||||||||| ||geo||
020 _a9789941190858
040 _cGE_BSU
041 _ageo
080 _a821.353.1-3 რ-71
100 _aრობაქიძე, გრიგოლ
_93385
245 _aგველის პერანგი (რომანი) ტ.№52 /
_cგრიგოლ რობაქიძე ; რედ. : ზურაბ აბაშიძე, მანანა ჯანელიძე, ირმა ხარშილაძე.
264 _aთბილისი :
_bპალიტრა ;
_c2011.
300 _a320 გვ. ;
_c20 სმ.
541 _h6ლ.
653 _aგველის პერანგი
700 _aაბაშიძე,ზურაბ
_eრედაქტორი
_93386
700 _aჯანელიძე, მანანა
_eრედაქტორი
_91323
700 _aხარშილაძე, ირმა
_eრედაქტორი
_91324
942 _cBK
_2udc